| 000 | 00630nam a2200217 4500 | ||
|---|---|---|---|
| 003 | OSt | ||
| 005 | 20260601171001.0 | ||
| 008 | 260507b1967\\\\enk|||||\||||\00|\0\eng\d | ||
| 040 |
_aICI _bspa _cICI |
||
| 041 | _aing | ||
| 050 |
_aTJ1194 _bM34 |
||
| 100 | 1 |
_aMarloney, Francis Joseph Terence, _dautor _931385 |
|
| 245 | 1 |
_aGlass in the Modern World _ca study in materials development |
|
| 264 | 1 |
_bLondon : _cEditorial Aldus, _a1967 |
|
| 300 |
_a192 páginas: _bilustraciones |
||
| 336 |
_atexto _2rdacontent |
||
| 337 |
_asin medio _2rdamedia |
||
| 338 |
_avolumen _2rdacarrier |
||
| 650 | 4 |
_aVidrio _928298 |
|
| 942 |
_2lcc _cB _n1 |
||
| 999 |
_c20062 _d20062 |
||